<?xml version="1.0" encoding="UTF-8"?><?xml-stylesheet type="text/xsl" href="static/style.xsl"?><OAI-PMH xmlns="http://www.openarchives.org/OAI/2.0/" xmlns:xsi="http://www.w3.org/2001/XMLSchema-instance" xsi:schemaLocation="http://www.openarchives.org/OAI/2.0/ http://www.openarchives.org/OAI/2.0/OAI-PMH.xsd"><responseDate>2026-04-13T00:41:53Z</responseDate><request verb="GetRecord" identifier="oai:www.recercat.cat:2117/132069" metadataPrefix="marc">https://recercat.cat/oai/request</request><GetRecord><record><header><identifier>oai:recercat.cat:2117/132069</identifier><datestamp>2026-02-05T01:24:47Z</datestamp><setSpec>com_2072_1033</setSpec><setSpec>col_2072_452949</setSpec></header><metadata><record xmlns="http://www.loc.gov/MARC21/slim" xmlns:dcterms="http://purl.org/dc/terms/" xmlns:xsi="http://www.w3.org/2001/XMLSchema-instance" xmlns:doc="http://www.lyncode.com/xoai" xsi:schemaLocation="http://www.loc.gov/MARC21/slim http://www.loc.gov/standards/marcxml/schema/MARC21slim.xsd">
   <leader>00925njm 22002777a 4500</leader>
   <datafield ind2=" " ind1=" " tag="042">
      <subfield code="a">dc</subfield>
   </datafield>
   <datafield ind2=" " ind1=" " tag="720">
      <subfield code="a">Torres, César</subfield>
      <subfield code="e">author</subfield>
   </datafield>
   <datafield ind2=" " ind1=" " tag="260">
      <subfield code="c">2018-06</subfield>
   </datafield>
   <datafield ind2=" " ind1=" " tag="520">
      <subfield code="a">Se  reconoce  un  marco  global  complejo  y  de  alta  competitividad  económica  con  gran  influencia  en  los paradigmas de ordenamiento territorial y de gestión del paisaje, en el cual la identidad regional es cuestionada frente a la reestructuración productiva mundialen marcha. La Cuenca Lechera Central Argentina, tanto por sus características  intrínsecas  como  por  una  suma  de  elementos  naturales  y  antrópicos  contenidos,  requeriría  de una clara estrategia territorial desde un abordaje multiescalar  ajustado a su propia realidad. A su vez, la tareade repensar  el  territorio  y  el  paisaje  de  la cuenca  no implicaría  sólo  un  barrido devarias  escalas:  para  poder reflexionar sobre  una  alternativa de  desarrollo  económico,  cultural,  regional  y  sustentable se  torna  imperioso abrazarla  construcción  de un  enfoque propioque  rescate tambiéndiversos  aportes  teóricos  y  metodológicos, con el claro objeto de articular de forma creativa sus saberes y experiencias en un planteo integrador.</subfield>
   </datafield>
   <datafield ind2=" " ind1=" " tag="520">
      <subfield code="a">A complex global setting of high economic competitiveness is recognized, with great influence on the paradigms of  territorial  planning  and  landscape  management,  and  in  which  regional  identity  is  questioned  in  front  of  the ongoing  worldwide  productive  restructuring. The Argentinian  Central  Dairy  Basin,  as  much  for  its  intrinsic features as for the amount of natural and anthropic elements it contains, would require a clear territorial strategy from  a  multi-scaleapproach  which  matches  its  own  reality.In  turn,  the  task  of  re-thinking  the  territory  and  the landscape of the basin would not only imply scanning through several scales: in order to reflect on an alternative of economic, cultural, regional and sustainable developmentit becomes imperative to embrace the construction of a self-approach that also rescues diverse theoretical and methodological contributions, with the clear purpose of creatively assembling their knowledge and experiences into an integrating outline.</subfield>
   </datafield>
   <datafield tag="653" ind2=" " ind1=" ">
      <subfield code="a">Àrees temàtiques de la UPC::Urbanisme</subfield>
   </datafield>
   <datafield tag="653" ind2=" " ind1=" ">
      <subfield code="a">Regional planning -- Argentina</subfield>
   </datafield>
   <datafield tag="653" ind2=" " ind1=" ">
      <subfield code="a">Cultural landscapes -- Argentina</subfield>
   </datafield>
   <datafield tag="653" ind2=" " ind1=" ">
      <subfield code="a">Ordenamiento Territorial</subfield>
   </datafield>
   <datafield tag="653" ind2=" " ind1=" ">
      <subfield code="a">Paisaje</subfield>
   </datafield>
   <datafield tag="653" ind2=" " ind1=" ">
      <subfield code="a">Regiones productivas</subfield>
   </datafield>
   <datafield tag="653" ind2=" " ind1=" ">
      <subfield code="a">Territorial Planning</subfield>
   </datafield>
   <datafield tag="653" ind2=" " ind1=" ">
      <subfield code="a">Landscape</subfield>
   </datafield>
   <datafield tag="653" ind2=" " ind1=" ">
      <subfield code="a">Productive regions</subfield>
   </datafield>
   <datafield tag="653" ind2=" " ind1=" ">
      <subfield code="a">Ordenació del territori -- Argentina</subfield>
   </datafield>
   <datafield tag="653" ind2=" " ind1=" ">
      <subfield code="a">Paisatges culturals -- Argentina</subfield>
   </datafield>
   <datafield ind2="0" ind1="0" tag="245">
      <subfield code="a">El paisaje de la Cuenca Lechera Central Argentina: construcción metodológica de la investigación</subfield>
   </datafield>
</record></metadata></record></GetRecord></OAI-PMH>